[Event "Bad Woerishofen op"]
[Site "?"]
[Date "2000.??.??"]
[Round "6"]
[White "Hopp, Guenter"]
[Black "Buchner, Rudolf"]
[Result "0-1"]
[WhiteElo "1850"]
[BlackElo "2110"]
[PlyCount "57"]
[EventDate "2000.??.??"]

1. d4 Nf6 2. c4 g6 3. Nc3 d5 4. cxd5 Nxd5 5. g3 Bg7 6. Bg2 Nxc3 7. bxc3 O-O 8.
Bb2 c5 9. e3 Nc6 10. Ne2 Qc7 11. O-O Rb8 12. Ba3 b6 13. Rb1 Ba6 14. Qc2 Na5 15.
Rfe1 Nc4 16. Qa4 Nxa3 17. Qxa3 Bc4 18. Qa4 b5 19. Qc2 Rfc8 20. Rec1 e6 21. Nf4
e5 22. Ne2 Bxe2 23. Qxe2 cxd4 24. Rxb5 Rxb5 25. Qxb5 dxc3 26. Qb7 Qxb7 27. Bxb7
Rc5 28. e4 c2 29. f4 0-1

[Event "Bad Woerishofen op"]
[Site "?"]
[Date "2000.??.??"]
[Round "8"]
[White "Hopp, Guenter"]
[Black "Haecker, Roland"]
[Result "1-0"]
[WhiteElo "1850"]
[BlackElo "1689"]
[PlyCount "115"]
[EventDate "2000.??.??"]

1. d4 d5 2. c4 e6 3. Nc3 Nf6 4. Bg5 Be7 5. e3 c6 6. Rc1 Nbd7 7. Nf3 O-O 8. Qc2
Re8 9. a3 a5 10. Bd3 Nf8 11. O-O N6d7 12. Bf4 f6 13. cxd5 exd5 14. Nxd5 Ne6 15.
Nxe7+ Qxe7 16. Bxh7+ Kh8 17. Bg3 Ndf8 18. Bd3 g5 19. Rfe1 Ng7 20. Nd2 f5 21.
Be5 Qf7 22. Nc4 Re6 23. Nb6 Rh6 24. Qc5 Nd7 25. Nxd7 Bxd7 26. Bc4 Be6 27. Bxe6
Qxe6 28. Bxg7+ Kxg7 29. Qe5+ Qxe5 30. dxe5 Rah8 31. f4 g4 32. Red1 Rxh2 33.
Rd7+ Kf8 34. Kf2 R2h7 35. Rcd1 Re7 36. Kg3 Rh6 37. Rxe7 Kxe7 38. e4 fxe4 39.
Rd4 c5 40. Rxe4 b5 41. Kxg4 Rc6 42. a4 Rb6 43. g3 bxa4 44. Rxa4 Rxb2 45. Rxa5
c4 46. Rc5 Rc2 47. Kf5 c3 48. g4 Rc1 49. g5 c2 50. g6 Kd8 51. g7 Rg1 52. Rxc2
Rxg7 53. Rc6 Rh7 54. Ra6 Rh5+ 55. Kg6 Rh4 56. f5 Rg4+ 57. Kf7 Rh4 58. f6 1-0

[Event "Bad Woerishofen op"]
[Site "Bad Woerishofen"]
[Date "2000.??.??"]
[Round "1"]
[White "Horther, Heinrich"]
[Black "Mittelsteiner, Horst"]
[Result "1-0"]
[WhiteElo "2398"]
[BlackElo "2022"]
[PlyCount "55"]
[EventDate "1998.03.05"]
[Source "ChessBase"]
[SourceDate "1998.04.29"]

1. e4 d5 2. exd5 Nf6 3. d4 Bg4 4. Nf3 Qxd5 5. Be2 Nc6 6. c4 Qf5 7. Be3 O-O-O 8.
h3 Bxf3 9. Bxf3 Nb4 10. O-O Nc2 11. Na3 Nxa1 12. Qa4 a6 13. Rxa1 Qd7 14. Qb3 c6
15. d5 cxd5 16. cxd5 Nxd5 17. Rd1 e6 18. Rxd5 Qxd5 19. Bxd5 Rxd5 20. Nc4 Bc5
21. Bxc5 Rxc5 22. Nd6+ Kc7 23. Nxf7 Re8 24. Qg3+ e5 25. Qxg7 Re7 26. Qf6 Rd7
27. Nxe5 Rdd5 28. Qe7+ 1-0

[Event "Bad Woerishofen op"]
[Site "?"]
[Date "2000.??.??"]
[Round "3"]
[White "Horther, Heinrich"]
[Black "Oberhofer, Max"]
[Result "1-0"]
[WhiteElo "2398"]
[BlackElo "2217"]
[PlyCount "119"]
[EventDate "2000.??.??"]

1. e4 Nf6 2. e5 Nd5 3. d4 d6 4. Nf3 Bg4 5. Be2 Nc6 6. O-O e6 7. c4 Nb6 8. Nc3
Be7 9. Be3 d5 10. c5 Bxf3 11. gxf3 Nc8 12. f4 O-O 13. Kh1 f5 14. Qb3 Rb8 15.
Qa4 Bh4 16. b4 a6 17. Rab1 N8e7 18. Qd1 Kh8 19. Bd3 g6 20. a3 Rf7 21. Ne2 Ng8
22. Ng1 Nh6 23. Nf3 Rg7 24. Rg1 Qe7 25. Qf1 Ng4 26. Rb2 Rbg8 27. Qh3 g5 28.
fxg5 Bxg5 29. Bxg5 Rxg5 30. Nxg5 Qxg5 31. Qg3 Qh5 32. f3 Nh6 33. Qf4 Rxg1+ 34.
Kxg1 Nf7 35. Rg2 h6 36. h4 Nfd8 37. Kf2 Ne7 38. Qg3 Qf7 39. h5 Ndc6 40. Qh4 Ng8
41. Ke3 Kh7 42. Rb2 Qg7 43. Kf2 Qg5 44. Qxg5 hxg5 45. b5 axb5 46. Rxb5 Nd8 47.
Ra5 Ne7 48. Ra8 Ndc6 49. Ke3 Kh6 50. Bb5 Kxh5 51. Bxc6 Nxc6 52. Rh8+ Kg6 53.
Rf8 Kg7 54. Rc8 Na5 55. Rxc7+ Kf8 56. a4 Nc4+ 57. Ke2 Na5 58. Rxb7 Nxb7 59. c6
Nd6 60. exd6 1-0

[Event "Bad Woerishofen op"]
[Site "?"]
[Date "2000.??.??"]
[Round "5"]
[White "Horther, Heinrich"]
[Black "Bintakies, Michael"]
[Result "1/2-1/2"]
[WhiteElo "2395"]
[BlackElo "2195"]
[PlyCount "55"]
[EventDate "2000.??.??"]

1. e4 c6 2. d4 d5 3. exd5 cxd5 4. Bd3 Nc6 5. c3 Nf6 6. Nf3 g6 7. O-O Bg7 8. Re1
O-O 9. Nbd2 Bf5 10. Bxf5 gxf5 11. Nf1 e6 12. Bg5 Qc7 13. Bxf6 Bxf6 14. Ng3 Kh8
15. Nh5 Be7 16. Qd2 Rg8 17. Ne5 Nxe5 18. dxe5 Qc4 19. Qf4 Rg4 20. Qxc4 Rxc4 21.
Ng3 Bc5 22. Kf1 d4 23. Rad1 dxc3 24. bxc3 Rxc3 25. Rd7 Rc2 26. Re2 Rc1+ 27. Re1
Rc2 28. Re2 1/2-1/2

[Event "Bad Woerishofen op"]
[Site "?"]
[Date "2000.??.??"]
[Round "7"]
[White "Horther, Heinrich"]
[Black "Senk, Christian"]
[Result "1/2-1/2"]
[WhiteElo "2398"]
[BlackElo "2151"]
[PlyCount "107"]
[EventDate "2000.??.??"]

1. e4 c5 2. c3 Nf6 3. e5 Nd5 4. d4 cxd4 5. cxd4 e6 6. Nf3 b6 7. Bc4 Bb7 8. O-O
d6 9. Bxd5 Bxd5 10. Nc3 Bxf3 11. Qxf3 d5 12. Qg4 h5 13. Qe2 Nc6 14. Be3 Be7 15.
Rac1 Qd7 16. Nb5 a6 17. Nc3 b5 18. g3 g6 19. Kg2 Kf8 20. f4 Kg7 21. Qf3 Bb4 22.
Ne2 Ne7 23. h3 Rac8 24. g4 hxg4 25. hxg4 Rxc1 26. Rxc1 Rc8 27. Rh1 Rh8 28. Rxh8
Kxh8 29. a3 Ba5 30. f5 exf5 31. Bg5 Ng8 32. Nf4 fxg4 33. Qxd5 Qf5 34. e6 Qxd5+
35. Nxd5 fxe6 36. Nf4 Bd2 37. Nxe6 Bxg5 38. Nxg5 Nf6 39. Kg3 Kg7 40. Ne6+ Kh6
41. Nc7 Kg5 42. d5 Kf5 43. Nxa6 Nxd5 44. Nc5 Ne3 45. b3 Nf1+ 46. Kf2 Nd2 47.
Kg3 Nf1+ 48. Kf2 Nd2 49. Kg3 g5 50. Kg2 Kf4 51. a4 Nxb3 52. Nd3+ Ke3 53. axb5
Kxd3 54. Kg3 1/2-1/2

[Event "Bad Woerishofen op"]
[Site "?"]
[Date "2000.??.??"]
[Round "9"]
[White "Horther, Heinrich"]
[Black "Dintheer, Willi"]
[Result "1-0"]
[WhiteElo "2398"]
[BlackElo "1800"]
[PlyCount "77"]
[EventDate "2000.??.??"]

1. e4 e5 2. Nf3 Nc6 3. Bb5 a6 4. Ba4 Nf6 5. O-O Be7 6. Re1 b5 7. Bb3 O-O 8. c3
d5 9. exd5 Nxd5 10. a4 Rb8 11. axb5 axb5 12. d4 exd4 13. Nxd4 Nxd4 14. cxd4 c6
15. Nc3 Bb4 16. Bd2 Be6 17. Ne4 Bxd2 18. Qxd2 Bf5 19. Nc5 Qd6 20. Re5 Bg6 21.
Bxd5 cxd5 22. Ra6 Qd8 23. Qb4 Re8 24. Rxe8+ Qxe8 25. h3 Qe2 26. Nd7 Re8 27. Rb6
Bd3 28. Qd6 h6 29. Qg3 Bg6 30. Rb8 Kh8 31. Kh2 f6 32. Qxg6 Rxb8 33. Nxb8 Qxf2
34. Nc6 Qf4+ 35. Qg3 Qc1 36. Ne7 h5 37. Qb8+ Kh7 38. Qg8+ Kh6 39. Qh8+ 1-0

[Event "Bad Woerishofen op"]
[Site "Bad Woerishofen"]
[Date "2000.??.??"]
[Round "2"]
[White "Huber, Stefan"]
[Black "Kostic, Vladimir"]
[Result "0-1"]
[WhiteElo "2150"]
[BlackElo "2389"]
[PlyCount "48"]
[EventDate "1998.03.05"]
[Source "ChessBase"]
[SourceDate "1998.04.29"]

1. e4 c6 2. d4 d5 3. e5 Bf5 4. Nc3 e6 5. g4 Bg6 6. Nge2 f6 7. h4 c5 8. h5 Bf7
9. Bf4 Nc6 10. Qd2 Qa5 11. O-O-O fxe5 12. dxe5 O-O-O 13. Kb1 c4 14. Bg2 Bc5 15.
Bg3 Nge7 16. f4 b5 17. Nc1 b4 18. N3e2 g6 19. Bh3 d4 20. Bh4 Nd5 21. Bxd8 Rxd8
22. hxg6 hxg6 23. Bg2 Nc3+ 24. Nxc3 bxc3 0-1

[Event "Bad Woerishofen op"]
[Site "?"]
[Date "2000.??.??"]
[Round "4"]
[White "Huber, Stefan"]
[Black "Walke, Guenter"]
[Result "1-0"]
[WhiteElo "2150"]
[BlackElo "1838"]
[PlyCount "87"]
[EventDate "2000.??.??"]

1. e4 d5 2. exd5 Nf6 3. d4 Nxd5 4. c4 Nf6 5. Nc3 Bf5 6. Nf3 c6 7. Be2 e6 8. Bf4
Bd6 9. Ne5 Qc7 10. g4 Bg6 11. h4 h6 12. Nxg6 fxg6 13. Bxd6 Qxd6 14. Qd3 O-O 15.
g5 Nh5 16. Bxh5 gxh5 17. Ne4 Qf4 18. gxh6 Nd7 19. Rg1 Qxh6 20. Ng5 Rad8 21.
O-O-O Rxf2 22. Kb1 Rdf8 23. Rde1 R2f6 24. Rg3 Re8 25. d5 cxd5 26. cxd5 e5 27.
d6 Qg6 28. Ne4 Qf7 29. Nxf6+ Nxf6 30. Reg1 Ng4 31. Rc1 e4 32. Qb3 Rd8 33. Rc7
Qxb3 34. Rxb3 Rxd6 35. Rbxb7 Rd1+ 36. Rc1 Rd2 37. Rc8+ Kh7 38. Rcc7 Rd1+ 39.
Kc2 Ne3+ 40. Kb3 Kh6 41. Rb4 Rd3+ 42. Rc3 Nd5 43. Rxd3 Nxb4 44. Rd6+ 1-0

[Event "Bad Woerishofen op"]
[Site "?"]
[Date "2000.??.??"]
[Round "6"]
[White "Huber, Stefan"]
[Black "Fahnenschmidt, Gerhard"]
[Result "0-1"]
[WhiteElo "2150"]
[BlackElo "2336"]
[PlyCount "104"]
[EventDate "2000.??.??"]

1. e4 c5 2. Nf3 d6 3. d4 cxd4 4. Qxd4 Nc6 5. Bb5 Bd7 6. Bxc6 Bxc6 7. c4 Nf6 8.
Nc3 g6 9. O-O Bg7 10. Qd3 O-O 11. Nd4 Nd7 12. Rd1 Rc8 13. Rb1 Ne5 14. Qe2 Nxc4
15. Qxc4 Bxe4 16. Qxc8 Qxc8 17. Nxe4 Bxd4 18. Rxd4 Qc2 19. Ra1 Rc8 20. f3 f5
21. Rd2 Qxc1+ 22. Rxc1 Rxc1+ 23. Kf2 fxe4 24. fxe4 Kf7 25. Ke3 Ke6 26. Kd4 b5
27. b3 a5 28. h3 h5 29. Ke3 Rc3+ 30. Kd4 b4 31. Re2 g5 32. Rf2 Kd7 33. e5 Rg3
34. exd6 Kxd6 35. Re2 h4 36. Kc4 g4 37. hxg4 Rxg4+ 38. Kb5 e5 39. Rd2+ Rd4 40.
Re2 e4 41. Kxa5 Kc5 42. Rc2+ Kd5 43. Re2 Rd3 44. Kxb4 e3 45. a4 Kd4 46. a5 Rd2
47. Re1 e2 48. a6 Ke3 49. Kb5 Kf2 50. a7 Ra2 51. Rxe2+ Kxe2 52. Kb6 Kf2 0-1

[Event "Bad Woerishofen op"]
[Site "?"]
[Date "2000.??.??"]
[Round "8"]
[White "Huber, Stefan"]
[Black "Schmidt, Volker"]
[Result "1-0"]
[WhiteElo "2150"]
[BlackElo "2001"]
[PlyCount "35"]
[EventDate "2000.??.??"]

1. e4 d6 2. d4 g6 3. Nc3 Bg7 4. Be2 Nf6 5. g4 c5 6. g5 Nfd7 7. d5 h6 8. gxh6
Bxh6 9. Bxh6 Rxh6 10. Qd2 Rh8 11. O-O-O b6 12. f4 Bb7 13. Nf3 Nf6 14. e5 Nh5
15. Ng5 Qc8 16. Rhe1 dxe5 17. fxe5 Qf5 18. Rf1 1-0

[Event "Bad Woerishofen op"]
[Site "?"]
[Date "2000.??.??"]
[Round "9"]
[White "Huber, Stefan"]
[Black "Meiser, Markus"]
[Result "1-0"]
[WhiteElo "2150"]
[BlackElo "2222"]
[PlyCount "75"]
[EventDate "2000.??.??"]

1. e4 c5 2. Nf3 d6 3. d4 cxd4 4. Qxd4 Bd7 5. c4 Nc6 6. Qd2 Nf6 7. Nc3 e6 8. Be2
Be7 9. b3 a6 10. O-O Qc7 11. Bb2 O-O 12. Rac1 Rfe8 13. Rfd1 Rad8 14. h3 Qb8 15.
Ba3 Bc8 16. Qe3 Bf8 17. Rc2 Ne5 18. Rcd2 Qc7 19. Nxe5 dxe5 20. Bxf8 Kxf8 21.
Rxd8 Rxd8 22. Rxd8+ Qxd8 23. Qc5+ Ke8 24. Qxe5 Qd2 25. Bf1 Qb2 26. Qg3 Bd7 27.
e5 Nh5 28. Qe3 Bc6 29. Ne2 g6 30. g4 Ng7 31. Nd4 Bd7 32. Bg2 Bc8 33. c5 Qxa2
34. c6 Qa1+ 35. Kh2 bxc6 36. Nxc6 Qd1 37. Qc5 Qd7 38. Nb8 1-0

[Event "Bad Woerishofen op"]
[Site "Bad Woerishofen"]
[Date "2000.??.??"]
[Round "1"]
[White "Huhn, Ulrich"]
[Black "Oberhofer, Max"]
[Result "0-1"]
[WhiteElo "1810"]
[BlackElo "2217"]
[PlyCount "25"]
[EventDate "1998.03.05"]
[Source "ChessBase"]
[SourceDate "1998.04.29"]

1. d4 Nf6 2. Nc3 d5 3. Bg5 c5 4. e4 cxd4 5. Qxd4 Nc6 6. Bb5 dxe4 7. Qxd8+ Kxd8
8. Rd1+ Bd7 9. Nge2 Kc8 10. O-O a6 11. Bc4 Ne5 12. Bb3 e6 13. Ng3 0-1

[Event "Bad Woerishofen op"]
[Site "?"]
[Date "2000.??.??"]
[Round "3"]
[White "Huhn, Ulrich"]
[Black "Fries, Werner"]
[Result "1-0"]
[WhiteElo "1810"]
[BlackElo "1588"]
[PlyCount "59"]
[EventDate "2000.??.??"]

1. d4 Nf6 2. Nc3 d5 3. Bg5 Bf5 4. f3 Nbd7 5. e3 c6 6. Bd3 Bxd3 7. Qxd3 e5 8.
Nge2 Qc7 9. O-O Bd6 10. g3 h6 11. Bxf6 gxf6 12. a4 O-O-O 13. Rfd1 Rdg8 14. Kf2
h5 15. Rg1 e4 16. fxe4 h4 17. Rg2 hxg3+ 18. hxg3 Bxg3+ 19. Nxg3 Rh2 20. Nce2
Rxg2+ 21. Kxg2 Qa5 22. Qc3 Qxc3 23. Nxc3 dxe4 24. Ncxe4 Kc7 25. Rf1 Nb6 26.
Rxf6 Nxa4 27. Rxf7+ Kb6 28. b3 Nb2 29. Rf1 Ka5 30. Rb1 1-0

[Event "Bad Woerishofen op"]
[Site "?"]
[Date "2000.??.??"]
[Round "5"]
[White "Huhn, Ulrich"]
[Black "Anderberg, Peter"]
[Result "0-1"]
[WhiteElo "1810"]
[BlackElo "2099"]
[PlyCount "116"]
[EventDate "2000.??.??"]

1. Nf3 Nc6 2. e4 e5 3. Bc4 Bc5 4. c3 d6 5. d4 exd4 6. cxd4 Bb6 7. Nc3 Nf6 8.
Bg5 h6 9. Bxf6 Qxf6 10. Nd5 Qg6 11. O-O O-O 12. Re1 Re8 13. Qd3 Na5 14. Nxb6
axb6 15. Nd2 Nxc4 16. Nxc4 Bd7 17. a3 Bb5 18. d5 Ra4 19. b3 Bxc4 20. bxc4 Qf6
21. Rab1 Rea8 22. Rb3 R8a5 23. Rc1 Rc5 24. Rb4 Rca5 25. Rxa4 Rxa4 26. Rb1 Ra5
27. g3 Qe5 28. f4 Qe8 29. Re1 f6 30. Re3 Ra8 31. Qe2 Qg6 32. e5 fxe5 33. fxe5
dxe5 34. Qb2 e4 35. Qe5 Re8 36. Qxc7 Qf6 37. Qf4 Qa1+ 38. Qf1 Qd4 39. Qe2 Rc8
40. d6 Rxc4 41. d7 Rc1+ 42. Kg2 Qxd7 43. Rxe4 Rd1 44. Re8+ Kf7 45. Re7+ Qxe7
46. Qxd1 Qxa3 47. Qd5+ Ke8 48. Qxb7 Qa2+ 49. Kg1 Qb1+ 50. Kg2 Kf8 51. h4 Kg8
52. g4 b5 53. g5 hxg5 54. hxg5 Qf5 55. Qe7 Kh7 56. Kg3 Kg6 57. Kh2 Qf2+ 58. Kh1
Qh4+ 0-1

[Event "Bad Woerishofen op"]
[Site "?"]
[Date "2000.??.??"]
[Round "7"]
[White "Huhn, Ulrich"]
[Black "Friedrich, Wolfgang"]
[Result "1/2-1/2"]
[WhiteElo "1810"]
[BlackElo "2104"]
[PlyCount "88"]
[EventDate "2000.??.??"]

1. Nf3 f5 2. g3 Nf6 3. d4 e6 4. Bg2 d5 5. O-O Bd6 6. Ne5 O-O 7. Bg5 Qe8 8. c4
c6 9. Qb3 Ne4 10. Be3 Bxe5 11. dxe5 Nd7 12. f4 b6 13. cxd5 cxd5 14. Nc3 Nxc3
15. Qxc3 Ba6 16. Qd2 Rc8 17. Rfc1 Qe7 18. Bf3 g6 19. Rxc8 Rxc8 20. Rc1 Qd8 21.
Rc2 Kf7 22. Qc1 Nb8 23. Bd4 Qd7 24. Rxc8 Bxc8 25. e3 Ba6 26. Bg2 Ke8 27. Bf1
Kd8 28. Bxa6 Nxa6 29. a3 Qb5 30. Kf2 Nc5 31. Bxc5 bxc5 32. Qc3 a5 33. Ke1 Kc7
34. Kf2 Kb6 35. Ke1 a4 36. Kf2 Qa5 37. Qd3 Qb5 38. Qc3 Qb3 39. Qxb3+ axb3 40.
Ke2 c4 41. Kd2 Kb5 42. h3 h5 43. Kc3 Kc5 44. Kd2 Kb5 1/2-1/2

[Event "Bad Woerishofen op"]
[Site "Bad Woerishofen"]
[Date "2000.??.??"]
[Round "1"]
[White "Illig, Ursula"]
[Black "Prestel, Oliver"]
[Result "0-1"]
[WhiteElo "1750"]
[BlackElo "2186"]
[PlyCount "72"]
[EventDate "1998.03.05"]
[Source "ChessBase"]
[SourceDate "1998.04.29"]

1. e4 c5 2. b4 cxb4 3. a3 bxa3 4. Nxa3 d5 5. e5 Nc6 6. d4 Bf5 7. c3 a6 8. Ne2
e6 9. Nc2 f6 10. f4 Nh6 11. Ng3 fxe5 12. fxe5 Qh4 13. Bxh6 gxh6 14. Ne3 Bg6 15.
Bb5 Rc8 16. Be2 Rc7 17. O-O Bg7 18. Nh5 Rf8 19. Nxg7+ Rxg7 20. Rxf8+ Kxf8 21.
Bf3 Qg5 22. Qe2 h5 23. Rf1 Rf7 24. Nd1 Ne7 25. Nf2 Nf5 26. Nh3 Qe3+ 27. Qxe3
Nxe3 28. Re1 Nc2 29. Rc1 Rc7 30. Ng5 Nxd4 31. Rf1 Nxf3+ 32. Rxf3+ Ke7 33. Rf6
Rc6 34. Nf3 Rxc3 35. Nd4 Bf7 36. Rh6 Bg6 0-1

[Event "Bad Woerishofen op"]
[Site "?"]
[Date "2000.??.??"]
[Round "3"]
[White "Illig, Ursula"]
[Black "Mantzouneas, Nikolaos"]
[Result "0-1"]
[WhiteElo "1750"]
[BlackElo "2057"]
[PlyCount "94"]
[EventDate "2000.??.??"]

1. Nf3 d5 2. e4 dxe4 3. Ng5 Nf6 4. Nc3 h6 5. Ngxe4 e5 6. h3 Be7 7. Bc4 Nc6 8.
a3 Bf5 9. Nxf6+ Bxf6 10. d3 O-O 11. O-O Nd4 12. Ne4 Be6 13. Bxe6 Nxe6 14. Qf3
Be7 15. c3 Kh8 16. Rd1 c6 17. Be3 f5 18. Qh5 fxe4 19. Qxe5 Qd5 20. Qxe4 Qxe4
21. dxe4 Bc5 22. Bxc5 Nxc5 23. f3 Rad8 24. b4 Ne6 25. Kf1 Kg8 26. h4 Kf7 27. g3
Rxd1+ 28. Rxd1 Rd8 29. Rxd8 Nxd8 30. Ke2 g5 31. hxg5 hxg5 32. Ke3 Kf6 33. f4 g4
34. c4 b6 35. a4 c5 36. b5 Nb7 37. Kd2 Ke6 38. Ke3 Na5 39. Kd3 Nb3 40. Kc3 Nd4
41. Kd3 Nb3 42. Kc3 Na5 43. Kd3 Nb7 44. Ke3 Nd6 45. Kd3 Ke7 46. f5 Kf6 47. Ke3
Ke5 0-1

[Event "Bad Woerishofen op"]
[Site "?"]
[Date "2000.??.??"]
[Round "5"]
[White "Illig, Ursula"]
[Black "Schoebel, Klaus"]
[Result "1/2-1/2"]
[WhiteElo "1750"]
[BlackElo "1638"]
[PlyCount "74"]
[EventDate "2000.??.??"]

1. Nf3 e6 2. e4 d5 3. exd5 exd5 4. Be2 Nf6 5. O-O Bd6 6. d4 O-O 7. Nc3 c6 8.
Bg5 Be7 9. h3 Ne4 10. Nxe4 dxe4 11. Bxe7 Qxe7 12. Ne5 Nd7 13. Ng4 f5 14. Bc4+
Kh8 15. Nh2 f4 16. Re1 Nb6 17. Bd3 e3 18. fxe3 Qg5 19. exf4 Qxf4 20. Qh5 Bf5
21. Bxf5 Rxf5 22. Re8+ Rxe8 23. Qxe8+ Rf8 24. Qe7 Qxd4+ 25. Kh1 Nd7 26. c3 Qd5
27. Nf3 Qf7 28. Qe4 a6 29. Qd4 h6 30. Rd1 Nf6 31. Ne5 Qh5 32. Nc4 Nd5 33. Re1
Qg5 34. Qe4 Rf4 35. Qe2 Qg3 36. Rf1 Rxf1+ 37. Qxf1 Ne3 1/2-1/2

[Event "Bad Woerishofen op"]
[Site "?"]
[Date "2000.??.??"]
[Round "8"]
[White "Illig, Ursula"]
[Black "Sanna, Giuseppe"]
[Result "0-1"]
[WhiteElo "1750"]
[BlackElo "1615"]
[PlyCount "119"]
[EventDate "2000.??.??"]

1. Nf3 Nf6 2. c4 e6 3. d4 d5 4. Bg5 Be7 5. Nc3 O-O 6. e3 h6 7. Bh4 b6 8. Bd3
Bb7 9. O-O Nbd7 10. h3 Rc8 11. Rc1 a6 12. cxd5 Nxd5 13. Bg3 Nxc3 14. Rxc3 Nf6
15. Rc1 c5 16. Qe2 b5 17. Rfd1 c4 18. Bb1 Ne4 19. Bh2 Qb6 20. Ne5 Rfd8 21. Qh5
Nd6 22. Bf4 Bf8 23. Nxf7 Nxf7 24. Qg6 Ng5 25. Bxg5 hxg5 26. Qh7+ Kf7 27. Qh5+
Ke7 28. Qxg5+ Kd7 29. d5 Kc7 30. dxe6 Bd6 31. Bf5 Re8 32. Qg4 Re7 33. b3 Kb8
34. bxc4 Rxc4 35. Rxc4 bxc4 36. Qxc4 Qc5 37. Qd3 Bc7 38. Rb1 Ka7 39. Re1 Qd5
40. Qd4+ Bb6 41. Qxd5 Bxd5 42. Rd1 Bxa2 43. h4 Bb3 44. Rd7+ Rxd7 45. exd7 a5
46. Bb1 a4 47. g4 a3 48. Kg2 a2 49. Bxa2 Bxa2 50. Kf3 Kb7 51. Ke4 Be6 52. g5
Kc7 53. f4 g6 54. d8=Q+ Kxd8 55. Ke5 Ke7 56. Ke4 Bf5+ 57. Kf3 Bd7 58. Ke4 Ke6
59. Kf3 Bc6+ 60. e4 0-1

[Event "Bad Woerishofen op"]
[Site "?"]
[Date "2000.??.??"]
[Round "9"]
[White "Illig, Ursula"]
[Black "Fries, Elisabeth"]
[Result "1/2-1/2"]
[WhiteElo "1750"]
[BlackElo "1417"]
[PlyCount "119"]
[EventDate "2000.??.??"]

1. d4 Nf6 2. c4 e5 3. dxe5 Ng4 4. e3 Nxe5 5. Be2 Bc5 6. Nf3 Nbc6 7. O-O O-O 8.
Nd4 a6 9. b3 d6 10. Bb2 Ba7 11. Nd2 Nxd4 12. Bxd4 Bb8 13. Nf3 Qe7 14. Qc2 c6
15. Rad1 Bc7 16. c5 Nxf3+ 17. Bxf3 d5 18. g3 f5 19. Rfe1 Qg5 20. Kh1 Qh6 21.
Bg2 Bd7 22. f4 Be8 23. Rd2 Bh5 24. Rf2 Bg4 25. Qd2 Bh3 26. Bxh3 Qxh3 27. Rf3
Rfe8 28. Qg2 Qxg2+ 29. Kxg2 Re4 30. Kf2 Rae8 31. Re2 Kf7 32. Rd2 g6 33. b4 Ke6
34. a3 h6 35. Ke2 Re7 36. Kd3 Rh7 37. Rdf2 h5 38. h4 Kd7 39. Rc2 Re8 40. a4 Ra8
41. Rb2 Bd8 42. a5 Re7 43. Re2 Re4 44. Rb2 Ke6 45. Rb3 Bf6 46. Rb2 Re8 47. Re2
Kf7 48. Rff2 R8e6 49. Rg2 Ke7 50. Rgf2 Kd7 51. Rg2 Rxd4+ 52. exd4 Re4 53. Rxe4
fxe4+ 54. Ke3 Ke6 55. Rd2 Kf5 56. Kf2 Bg7 57. Kf1 Kg4 58. Kg2 Bf6 59. Rd1 Kf5
60. Kf2 1/2-1/2

[Event "Bad Woerishofen op"]
[Site "Bad Woerishofen"]
[Date "2000.??.??"]
[Round "2"]
[White "Ivanov, Michail"]
[Black "Zyla, Winfried"]
[Result "1-0"]
[WhiteElo "2465"]
[BlackElo "2181"]
[PlyCount "57"]
[EventDate "1998.03.05"]
[Source "ChessBase"]
[SourceDate "1998.04.29"]

1. d4 g6 2. c4 Bg7 3. e4 c6 4. Nc3 d6 5. Nf3 Nf6 6. Be2 O-O 7. O-O Nfd7 8. Bg5
h6 9. Be3 e5 10. Qc2 a5 11. Rfd1 Qe7 12. Na4 Na6 13. dxe5 dxe5 14. c5 Nc7 15.
Bc4 Kh7 16. Rd3 f5 17. Rad1 Nf6 18. Rd6 f4 19. Bc1 Bg4 20. Nb6 Rac8 21. Nxc8
Rxc8 22. h3 Bxf3 23. gxf3 Nb5 24. Bxb5 cxb5 25. b3 Qc7 26. Bb2 Qxc5 27. Qxc5
Rxc5 28. Rc1 Rxc1+ 29. Bxc1 1-0

[Event "Bad Woerishofen op"]
[Site "?"]
[Date "2000.??.??"]
[Round "6"]
[White "Ivanov, Michail"]
[Black "Ballon, Guenther"]
[Result "1-0"]
[WhiteElo "2465"]
[BlackElo "2240"]
[PlyCount "120"]
[EventDate "2000.??.??"]

1. c4 c6 2. e4 e5 3. Nf3 d6 4. d4 Qc7 5. h3 Nf6 6. Nc3 Be7 7. Bd3 O-O 8. O-O a6
9. Be3 Nbd7 10. Rc1 b6 11. Bb1 Re8 12. Ne2 Nf8 13. c5 dxc5 14. dxe5 N6d7 15.
Bf4 Ne6 16. Bh2 a5 17. Nc3 Ba6 18. Re1 Qb7 19. Nd5 Rad8 20. Nxe7+ Rxe7 21. Qc2
Nb8 22. Bg3 Nd4 23. Nxd4 Rxd4 24. Qc3 Nd7 25. Rcd1 Nxe5 26. Bxe5 Rxe5 27. Rxd4
cxd4 28. Qxd4 Re8 29. e5 c5 30. Qh4 h6 31. Rd1 Qc7 32. f4 Bb7 33. Rd6 c4 34.
Kh2 c3 35. bxc3 Qxc3 36. Qf2 b5 37. Bd3 b4 38. Qg3 Kf8 39. Qg4 Qb2 40. Bc4 Qc2
41. Bb3 Qe4 42. Ba4 Ra8 43. e6 fxe6 44. Rd7 g6 45. Bb3 Re8 46. Bd1 Bc8 47. Rc7
g5 48. fxg5 Qxg4 49. Bxg4 hxg5 50. Ra7 e5 51. Bxc8 Rxc8 52. Rxa5 Kf7 53. Rxe5
Kf6 54. Ra5 Rc2 55. Kg3 Rc3+ 56. Kg4 Rc4+ 57. Kf3 Rc3+ 58. Ke4 Rg3 59. Rf5+ Ke6
60. Rf2 Ra3 1-0

[Event "Bad Woerishofen op"]
[Site "Bad Woerishofen"]
[Date "2000.??.??"]
[Round "1"]
[White "Jacob, Konrad"]
[Black "Ivanov, Michail"]
[Result "0-1"]
[WhiteElo "2051"]
[BlackElo "2465"]
[PlyCount "46"]
[EventDate "1998.03.05"]
[Source "ChessBase"]
[SourceDate "1998.04.29"]

1. e4 c5 2. Bc4 e6 3. Nc3 a6 4. a3 b5 5. Ba2 Bb7 6. d3 Nc6 7. Nh3 Nd4 8. O-O
Nf6 9. e5 Ng8 10. Ng5 Qc7 11. f4 Nh6 12. Nce4 Be7 13. c3 Ndf5 14. Qe2 O-O-O 15.
Bd2 f6 16. Nf3 Nf7 17. d4 h5 18. c4 Qc6 19. Nxc5 Bxc5 20. cxb5 axb5 21. dxc5
Qxc5+ 22. Kh1 h4 23. b4 Ng3+ 0-1

[Event "Bad Woerishofen op"]
[Site "?"]
[Date "2000.??.??"]
[Round "3"]
[White "Jacob, Konrad"]
[Black "Wawrinsky, Ludwig"]
[Result "0-1"]
[WhiteElo "2051"]
[BlackElo "1700"]
[PlyCount "100"]
[EventDate "2000.??.??"]

1. e4 e6 2. Bc4 b6 3. c3 Bb7 4. d3 Nf6 5. Nf3 Be7 6. Bf4 d6 7. Nbd2 Nbd7 8. Qe2
e5 9. Bg5 h6 10. Bh4 a5 11. h3 c6 12. d4 d5 13. dxe5 dxc4 14. exf6 Bxf6 15.
Bxf6 Nxf6 16. Qxc4 O-O 17. O-O-O Qc7 18. e5 b5 19. Qc5 Nd5 20. Ne4 Bc8 21. Rxd5
Be6 22. Rd6 Bxa2 23. Rxc6 Qd7 24. Rd1 Qf5 25. Qe3 a4 26. g4 Qh7 27. Rdd6 Be6
28. Nd4 a3 29. bxa3 Rxa3 30. Nxe6 fxe6 31. Rxe6 Ra2 32. f4 h5 33. f5 hxg4 34.
Nf6+ gxf6 35. Rxf6 Rxf6 36. Qg5+ Qg7 37. Qxf6 Qxf6 38. Rxf6 gxh3 39. Rh6 h2 40.
Kb1 Rg2 41. e6 Rg1+ 42. Kb2 h1=Q 43. Rxh1 Rxh1 44. f6 Kf8 45. Kb3 Rh4 46. Kc2
Rf4 47. e7+ Kf7 48. Kd3 Rxf6 49. e8=Q+ Kxe8 50. Kd4 Kd7 0-1

[Event "Bad Woerishofen op"]
[Site "?"]
[Date "2000.??.??"]
[Round "5"]
[White "Jacob, Konrad"]
[Black "Muench, Werner"]
[Result "0-1"]
[WhiteElo "2051"]
[BlackElo "1703"]
[PlyCount "106"]
[EventDate "2000.??.??"]

1. e4 c6 2. f4 d5 3. e5 Bf5 4. d4 e6 5. Nf3 Nd7 6. Bd3 Bxd3 7. Qxd3 c5 8. Be3
c4 9. Qe2 Ne7 10. g4 h5 11. g5 g6 12. Nh4 Qa5+ 13. c3 Nf5 14. Nxf5 exf5 15. h4
Be7 16. Nd2 O-O 17. Nf1 Kg7 18. Bd2 Qa6 19. Ne3 Qe6 20. Kf2 b5 21. Qf3 Nb6 22.
b3 Rfd8 23. Rhb1 Qd7 24. bxc4 Nxc4 25. Nf1 Ba3 26. Rb3 a6 27. Bc1 Bxc1 28. Rxc1
Rab8 29. Rcb1 Rb7 30. Qe2 Rdb8 31. Ng3 Rb6 32. Re1 Qe6 33. Kg2 b4 34. cxb4 Rxb4
35. Reb1 a5 36. Qe1 Qe7 37. Qc3 Na3 38. R1b2 Nc4 39. Re2 a4 40. Rxb4 Rxb4 41.
Rc2 a3 42. Ne2 Rb2 43. Kf2 Qa7 44. Qd3 Qa4 45. Rxb2 axb2 46. Nc3 Qa3 47. Ke2
Qxc3 48. Qxc3 b1=Q 49. a4 Qa2+ 50. Kd3 Qxa4 51. Qe1 Qb3+ 52. Ke2 Qe3+ 53. Kd1
Nb2+ 0-1

[Event "Bad Woerishofen op"]
[Site "?"]
[Date "2000.??.??"]
[Round "7"]
[White "Jacob, Konrad"]
[Black "Mossekel, Manfred"]
[Result "1-0"]
[WhiteElo "2051"]
[BlackElo "1657"]
[PlyCount "37"]
[EventDate "2000.??.??"]

1. e4 c5 2. d4 cxd4 3. c3 d3 4. c4 g6 5. Nc3 Bg7 6. Qxd3 Nc6 7. a3 Nf6 8. f4 d6
9. Be2 O-O 10. Be3 a6 11. Rd1 Ng4 12. Bxg4 Bxg4 13. Rd2 Rc8 14. h3 Bd7 15. Nf3
f5 16. e5 Be6 17. Ng5 Bf7 18. e6 Be8 19. Nd5 1-0